000 00486nam a2200169Ia 4500
008 240729s9999 xx 000 0 und d
022 _a2468-080X
245 0 _aMatter and Radiation at Extremes
260 _aUnited States
260 _bAIP Publishing LLC
650 _a Nuclear and particle physics. Atomic energy. Radioactivity
650 _a Physics
650 _aScience
856 _uhttps://doaj.org/toc/60250876a9c04e64b5a1f6be3f0b41ed
942 _2ddc
942 _cDOAJEJ
999 _c65839
_d65839
945 _a1
_bMadushi Gamage
_c1
_dMadushi Gamage